Hablar de Dios resulta peligroso: mis experiencias en Rusia y en Occidente

Đã lưu trong:
Chi tiết về thư mục
Tác giả chính: Góricheva, Tatiana (Tác giả)
Định dạng: Sách
Ngôn ngữ:Tiếng Tây Ban Nha
Được phát hành: Barcelona Herder 1988
Phiên bản:3a. ed
Những chủ đề:
Các nhãn: Thêm thẻ
Không có thẻ, Là người đầu tiên thẻ bản ghi này!

MARC

LEADER 00000nam a2200000 a 4500
001 UCX2607
003 CL-VaPUC
008 910705e19880000SP |||||||||||||||||spa|d
082 0 4 |a 248.24  |b GOR  |2 21 
100 |a Góricheva, Tatiana  |e author  |9 318616 
245 1 0 |a Hablar de Dios resulta peligroso: mis experiencias en Rusia y en Occidente 
250 |a 3a. ed 
300 |a 142 p 
942 |c BK 
945 |d 19910705 00:00:00 
260 |a Barcelona  |b Herder  |c 1988 
650 7 |a CONVERSION  |2 CL-VaPUC  |9 310975 
650 7 |a REFUGIADOS POLITICOS  |2 CL-VaPUC  |9 318617 
650 0 |a Relatos personales  |9 255122 
650 7 |a HISTORIA ECLESIASTICA 1917-  |2 CL-VaPUC  |9 318618 
651 0 |a Unión Soviética  |9 256769 
583 |a last modification  |c 19910705 00:00:00  |k Rodrigo Vera 
999 |c 223596  |d 223594 
952 |0 0  |1 0  |4 0  |6 248_240000000000000_GOR_1988  |7 0  |8 A  |9 219560  |a BIBTEO  |b BIBTEO  |d 2019-11-15  |i 2882531  |o 248.24 GOR 1988  |p 2882531  |r 2025-01-17  |w 2019-11-15  |y BK  |k ICR